000 00577nam a2200229Ia 4500
003 OSt
005 20220924143123.0
006 a|||||r|||| 00| 0
007 ta
008 220923b |||||||| |||| 00| 0 urd d
024 _a306762
037 _cTextual
040 _aARTS
_cARTS
_burd
041 _2urd
_aurd
082 _aQ7:21c, 168J4
100 _aAbdul - Hayi
_9214832
245 0 _aMiratul - Quran fi huhatul - Quran
260 _c1954
650 _aRELIGION
942 _hQ7:21c, 168J4
_cTEXL
_2CC
999 _c453234
_d453234